| 000 | 00781cab a2200253 4500 | ||
|---|---|---|---|
| 001 | ABS38036 | ||
| 008 | 090401t1987 xxu||||| |||| 00| 0 eng d | ||
| 035 | _a(Sirsi) u8262 | ||
| 041 | _aeng | ||
| 100 | _aIngle, J. | ||
| 245 | _aUnderpinning by mini piles | ||
| 260 | _c1987 | ||
| 350 | _a0 | ||
| 490 |
_aConstruction Repair _v1(3) August 1987, 13-15(3) |
||
| 520 | _aDiscusses the use of mini piles in the underpinning of structures,with the aid of four case histories. Figures. Reference. | ||
| 650 | _aBUILT ENVIRONMENT-BUILDING ELEMENTS-COMPLETE BUILDING ELEMENTS-FOUNDATIONS | ||
| 650 | _aMINI PILING | ||
| 650 | _aPILING | ||
| 650 | _aSETTLEMENT | ||
| 690 | _aBUILT ENVIRONMENT-CONSTRUCTION DESIGN | ||
| 700 | _aBell, A. | ||
| 942 | _n0 | ||
| 948 | _c04/03/1997 | ||
| 999 |
_c5060 _d5060 |
||